00665ngm a2200145 i 4500001001100000003000500011005001700016008004100033040002500074245002100099264011700120500024500237700001100482700002600493C2-0343752PPAK20180727222824.0171122s2017 cc |||| ||||| | vlchi d aPPAKbengcPPAKerda10aOperation Mekong 1aChina; Kuala Lumpur : bBona Film Group; Golden Satellite Distribution Sdn. Bhd. (Malaysia Distributor) , c2017 aSummary : The Golden Triangle is synonymous with the drug trade. Not only is it one of the largest drug-manfacturing regions of the world, it is a lawless land as it sits at the intersection of Myanmar, Laos and Thailand. Two Chinese commer eauthor1 aLam, Dante, ecompile